Rues du Monopoly à Paris - carte quiz - Statistiques

Statistiques générales
  • Ce quiz a été pris 324 fois
  • Le résultat moyen est 10 sur 22
Réponses sur la Carte
Les réponses sont colorées sur une échelle allant du rouge au vert en fonction du pourcentage des utilisateurs qui les ont devinées à leur premier essai. Vous pouvez retrouver ces pourcentages ci-dessous.
 
Statistiques - réponses
Réponse % Correct
Place Pigalle
76%
Avenue des Champs-Elysées
74%
Place de la Bourse
72%
Boulevard Saint-Michel
66%
Rue de Vaugirard
61%
Avenue Foch
51%
Avenue de Neuilly
50%
Boulevard de Belleville
50%
Avenue de la République
47%
Rue de la Paix
46%
Boulevard de la Vilette
44%
Rue Lecourbe
40%
Avenue Matignon
38%
Boulevard Malesherbes
37%
Rue du Faubourg-Saint-Honoré
37%
Rue La Fayette
37%
Avenue de Breteuil
31%
Avenue Henri-Martin
31%
Rue de Courcelles
31%
Rue de Paradis
30%
Avenue Mozart
29%
Boulevard des Capucines
29%
Aucun quiz correspondant
Distribution des résultats
% des personnes avec chaque résultat
Percentile par nombre de réponses
Votre historique - résultats
Vous n’avez pas pris ce quiz